Normal view
MARC view
- بني هاني، عبد الرزاق
Entry Personal Name
001 - CONTROL NUMBER
- control field: 56663
003 - CONTROL NUMBER IDENTIFIER
- control field: JO-AjAnu
005 - DATE AND TIME OF LATEST TRANSACTION
- control field: 20230606083302.0
008 - FIXED-LENGTH DATA ELEMENTS
- fixed length control field: 230606|| aca||aabn | a|a d
040 ## - CATALOGING SOURCE
- Original cataloging agency: JO-AjAnu
- Transcribing agency: JO-AjAnu
100 ## - HEADING--PERSONAL NAME
- Personal name: بني هاني، عبد الرزاق
670 ## - SOURCE DATA FOUND
- Source citation: Work cat.: (JO-AjAnu)28914: بني هاني، عبد الرزاق, author, اقتصاديات الإيمان = The Economics of Faith